Sobre la descripción: tres Américas en el siglo XVI /
El ensayo presenta, a aprtir del estudio de tres textos fundamentales de la época de la conquista de América, diversas estrategias de dominación desplegadas en la construcción (descripción) discursiva del continente americano. Además se propone demostrar la utilización de concepciones ontológicas-an...
Sábháilte in:
| Príomhchruthaitheoir: | |
|---|---|
| Formáid: | Téacs |
| Ábhair: | |
| Clibeanna: |
Cuir clib leis
Níl clibeanna ann, Bí ar an gcéad duine le clib a chur leis an taifead seo!
|
MARC
| LEADER | 00000 a a2200000 04500 | ||
|---|---|---|---|
| 001 | 15524 | ||
| 003 | |||
| 040 | |||
| 100 | |a Hernández Hernández, Pablo | ||
| 245 | |a Sobre la descripción: |b tres Américas en el siglo XVI / |c Pablo Hernández Hernández | ||
| 500 | |a Resumen también en inglés | ||
| 520 | |a El ensayo presenta, a aprtir del estudio de tres textos fundamentales de la época de la conquista de América, diversas estrategias de dominación desplegadas en la construcción (descripción) discursiva del continente americano. Además se propone demostrar la utilización de concepciones ontológicas-antropológicas y epistemológicas del naciente horizonte mental de la modernidad por parte de aquellos que se envisten de objetividad desde la figura del cronista | ||
| 650 | |a AMERICAS | ||
| 650 | |a COLONIALISMO | ||
| 650 | |a DISCURSOS | ||
| 773 | |g volumen 41, número 104; páginas 111-123 | ||
| 999 | |c 37276 |d 37276 | ||
